000 01059cam a22003371 4500
001 6023
003 BD-RjUL
005 20211208234154.0
008 140108s1968 enka b 001 0 eng
020 _z0043600127
035 _a(BD-RjUL)6062
040 _aDLC
_cDLC
_dDLC
_dBD-RjUL
_beng
041 _aeng
082 0 0 _a361
_bROC 1968
100 1 _aRodgers, Barbara N.
_918939
245 1 0 _aComparative social administration /
_cBarbara N. Rodgers; with John Greve and John S. Morgan.
260 _aLondon :
_bAllen & Unwin,
_cc1968.
300 _a2-350 p. :
_billus. ;
_c21 cm.
350 _a45/-
490 0 _aMinerva series of students' handbooks, no. 21
504 _aIncludes bibliographies and index.
650 0 _aSocial policy.
_918940
650 0 _aPublic welfare
_zFrance.
_918941
650 0 _aPublic welfare
_zNorway.
_918942
650 0 _aPublic welfare
_zCanada.
_918943
700 1 _aGreve, John.
_918944
700 1 _aMorgan, John S.
_q(John Stewart),
_d1911-
_918945
942 _2ddc
_cBK
999 _c6023
_d6023